Kirjaimella M alkavia kaupunkeja kartalla - Statistics

Yleistilastot
  • Tätä visaa on pelattu 1 816 kertaa
  • Keskiarvotulos 18 / 32
Vastaukset kartalla
Vastauksille on annettu kartalla punavihreä väri sen mukaan, kuinka moni on saanut sen oikein.
 
Vastaustilastot
Kaupunki % Oikein
Moskova
96%
Madrid
95%
México
90%
Malmö
87%
Milano
87%
Manchester
85%
Miami
78%
Melbourne
77%
Manila
76%
Mumbai
76%
Montreal
72%
Marseille
70%
Montevideo
67%
Mogadishu
63%
Málaga
57%
Minneapolis
54%
Mekka
50%
Marrakech
48%
Mombasa
46%
Masqat
43%
Manama
41%
Manaus
40%
Maputo
39%
Monrovia
39%
Medellin
38%
Macao
35%
Monterrey
34%
Mandalay
20%
Maracaibo
20%
Mašhad
17%
Mendoza
15%
Multan
14%
Ehtoja vastaavia visoja ei löytynyt
Tulosjakauma
Jokaisen tuloksen saaneiden osuus
Persentiili vastausten määrän mukaan
Tuloshistoriasi
Et ole pelannut tätä visaa